000 00302nam a2200121Ia 4500
008 190216s9999||||xx |||||||||||||| ||und||
100 _aAbbas K A
245 0 _aIndira Gandhi Return Of The Red Rose
260 _bOrient Paper Back
_c1968
300 _a175p
650 _aEnglish Literature
942 _cBK
999 _c12092
_d12092